| 000 | 00807cam a2200241 i 4500 | ||
|---|---|---|---|
| 005 | 20251119120129.0 | ||
| 008 | 250721s1999 ua gr 000 0 ara d | ||
| 020 | _a9960260062 | ||
| 082 | 1 | 4 |
_a210.461 _bب ا ر |
| 100 | 1 |
_aالبار، محمد علي _eمؤلف. |
|
| 245 | 1 | 0 |
_aخلق الإنسان بين الطب والقرآن / _cالدكتور محمد علي البار. |
| 250 | _aالطبعة الحادية عشر. | ||
| 264 | 3 | 1 |
_aجدة : _bالدار السعودية، _c1999. |
| 300 | _a560 صفحة. | ||
| 650 | 1 | 7 | _aالأنثروبولوجيا. |
| 650 | 1 | 7 | _aالقرآن الكريم. |
| 650 | 1 | 7 | _aالطب. |
| 650 | 1 | 7 | _aالتناسل الجنسي. |
| 650 | 1 | 7 | _aالحمل. |
| 650 | 1 | 7 | _aعلم الأجنة. |
| 942 |
_2ddc _cBK |
||
| 999 |
_c1702 _d1702 |
||